01034nab a2200265 uc450000100070000000500170000700800410002403500110006503500210007604000130009704100080011010000420011824501360016065000130029665000290030965000450033865000410038365000280042470000390045270000420049170000430053370000380057670000440061477301100065877314420240201184049.0020905s2002 spa  a773144 a(OCoLC)819988036 ccomduadb aspa10aGonzalez Llinares, Rosa Ma.4auteaut10aEfectividad del aposito en heridas quirurgicas limpias y limpias contaminadas a partir de las 24-48 h de la intervencion quirurgica aVendajes aCuidados postoperatorios 7aEnfermería basada en la evidencia2dcs aInfección de heridas quirúrgicas 7aHeridas y lesiones2dcs10aAntolin Mugarza, Arantxa4auteaut10aSalgado Larrea, M. Victoria4auteaut10aBarandiaran Mugica, M. Jesus4auteaut10aBasurco Celaya, Rosalba4auteaut10aLarranaga Garaikoetxea, Nerea4auteaut0 tEnfermería Clínica (España)gVol. 12, No. 03, May.-Jun. 2002, p. 117-121w725040x1130-86210232996